A Zeneoktatói Munkaközösség növendékhangversenye

Elmentve itt :
Bibliográfiai részletek
Szerző: Bene Ferenc
Dokumentumtípus: Cikk
Megjelent: 1967-03-09
Sorozat:Délmagyarország 57 No. 58
Kulcsszavak:Báló Katalin, Faragó Sándor, Molnár Petronella, Nagy Katalin, Halász Mária, Kun Ilona, Terhes Julia, Lang János, Szegvári Tamás, Bódi Katalin, Szabó Margit, Molnár Magda, Molnár Rita, Király Endre, Sári József, Bari Gyöngyi, Szabó Géza, Lucskai Éva, Dombóvári József, Nacsa János, Széll István, Zilinszky Irén, Lehoczky András, Komócsin Piroska, Komócsin Zsuzsa, Király Anna, Növendékhangverseny Szeged 1967, Zenei élet hangverseny Szeged 1967, zeneélet 1962-1979
Online Access:http://dmarchiv.bibl.u-szeged.hu/76757
LEADER 00952nab a2200157 i 4500
001 delm76757
005 20180928084324.0
008 180928s1967 hu o 0|| hun d
040 |a SZTE Délmagyarország Archívum  |b hun 
041 |a hun 
100 1 |a Bene Ferenc 
245 1 2 |a A Zeneoktatói Munkaközösség növendékhangversenye  |h [elektronikus dokumentum] /  |c  Bene Ferenc 
260 |c 1967-03-09 
300 |a 6 
490 0 |a Délmagyarország  |v 57 No. 58 
695 |a Báló Katalin, Faragó Sándor, Molnár Petronella, Nagy Katalin, Halász Mária, Kun Ilona, Terhes Julia, Lang János, Szegvári Tamás, Bódi Katalin, Szabó Margit, Molnár Magda, Molnár Rita, Király Endre, Sári József, Bari Gyöngyi, Szabó Géza, Lucskai Éva, Dombóvári József, Nacsa János, Széll István, Zilinszky Irén, Lehoczky András, Komócsin Piroska, Komócsin Zsuzsa, Király Anna, Növendékhangverseny Szeged 1967, Zenei élet hangverseny Szeged 1967, zeneélet 1962-1979